Cd̤igo de Faltas de la Provincia de Buenos Aires Anl̀isis crt̕ico /

Bibliographic Details
Main Author: Juliano, Mario Alberto
Format: eBook
Language:Spanish
Published: La Plata: Editorial Scotti Libros, 2017
Edition:2® edicin̤
Subjects:
Online Access:Acceso restringido

MARC

LEADER 00000nam a22000007a 4500
005 20180220225132.0
007 cr|||| ||||
008 180220s2017 ar |||||s|||| 00||0 spa d
020 |a 978-950-572-918-0 
035 |a 20973 
040 |a vLex 
090 |c 7386  |d 7386 
100 1 |a Juliano, Mario Alberto 
245 1 0 |a Cd̤igo de Faltas de la Provincia de Buenos Aires  |h [Recurso electrn̤ico] :  |b Anl̀isis crt̕ico /  |c Mario Alberto Juliano 
250 |a 2® edicin̤ 
256 |a Servicio en ln̕ea 
260 |a La Plata:  |b Editorial Scotti Libros,  |c 2017 
300 |a 1 recurso electrn̤ico (528 p.) 
500 |a ¿Justicia de faltas o falta de justicia?. 
506 1 |a Disponible solo en los productos indicados  |d vLex Global  |d vLex Global (Academic Edition, excluding Law Schools)  |d vLex Global (U.S. Academic Edition, Law Schools)  |d vLex Global (U.S. Academic Edition, excluding Law Schools)  |d vLex Global (Academic Edition, Law Schools) 
650 0 4 |a Derecho Pb︢lico y Administrativo  |z Argentina 
650 0 4 |a Derecho Procesal  |z Argentina 
740 0 |a vLex Libros (Servicio en ln̕ea) 
856 4 0 |u http://vlex.com/source/codigo-faltas-provincia-buenos-aires-analisis-critico-20973  |z Acceso restringido 
942 |c BOOK 
999 0 |a Public and Administrative Law 
999 0 |a Procedural Law